[Event "Aeroflot Open A 2018"]
[Site "Moscow RUS"]
[Date "2018.02.24"]
[Round "5.16"]
[White "Wen, Yang"]
[Black "Xu, Xiangyu"]
[Result "1/2-1/2"]
[WhiteTitle "GM"]
[BlackTitle "GM"]
[WhiteElo "2608"]
[BlackElo "2545"]
[WhiteFideId "8602956"]
[BlackFideId "8608288"]
[EventDate "2018.02.20"]

1. e4 Nf6 2. e5 Nd5 3. d4 d6 4. c4 Nb6 5. exd6 exd6 6. Nc3 Be7 7. Bd3 O-O 8. h3
Nc6 9. Nge2 Bf6 10. b3 Ne7 11. Ne4 Ng6 12. Nxf6+ Qxf6 13. O-O Bf5 14. Bxf5 Qxf5
15. d5 Ne5 16. Bb2 Rae8 17. Nd4 Qg6 18. Qd2 Nd3 19. Bc3 Nd7 20. Rad1 N3c5 21. f3
a6 22. Kh1 h5 23. Kh2 Nf6 24. h4 Nfd7 25. Qg5 Qh7 26. Qf5 Re3 27. Ba5 b6 28. Bd2
Re7 29. Qxh7+ Kxh7 30. Bg5 Re5 31. Bf4 Re7 32. Rfe1 Rfe8 33. Rxe7 Rxe7 34. Kg3
Kg8 35. Kf2 Ne5 36. Kf1 Kf8 37. Bg3 Ned3 38. Rd2 g6 39. Nc6 Re3 40. Nd4 Ne4 41.
fxe4 Rxg3 42. Nf3 Nf4 43. e5 dxe5 44. Nxe5 f6 45. d6 cxd6 46. Nd7+ Ke7 47. Nxb6
Ke6 48. Nd5 1/2-1/2

[Event "Aeroflot Open A 2018"]
[Site "Moscow RUS"]
[Date "2018.02.24"]
[Round "5.18"]
[White "Mamedov, Rauf"]
[Black "Esipenko, Andrey"]
[Result "1-0"]
[WhiteTitle "GM"]
[BlackTitle "FM"]
[WhiteElo "2709"]
[BlackElo "2571"]
[WhiteFideId "13401653"]
[BlackFideId "24175439"]
[EventDate "2018.02.20"]

1. Nf3 Nf6 2. g3 b6 3. Bg2 Bb7 4. O-O e6 5. c4 Be7 6. b3 O-O 7. Bb2 d5 8. e3 c5
9. Nc3 dxc4 10. bxc4 Nc6 11. Qe2 Rc8 12. Rfd1 Qc7 13. Ne1 Rfd8 14. f4 Qb8 15. d3
Nb4 16. Nf3 Qa8 17. Ne1 Bxg2 18. Nxg2 Rd7 19. a3 Nc6 20. g4 Rcd8 21. g5 Ne8 22.
Ne4 Nd6 23. Nf2 Nf5 24. Ng4 a6 25. a4 Nb4 26. Ne1 Qb7 27. Bc3 Bf8 28. Rab1 Qa8
29. Rb2 Qb7 30. Rbb1 Qa8 31. Kf2 Be7 32. Ne5 Rc7 33. N1f3 Qb7 34. e4 Nd6 35. Ng4
Ne8 36. d4 b5 37. axb5 Nd6 38. d5 exd5 39. cxd5 Qxb5 40. Qxb5 Nxb5 41. Be1 Na3
42. Rbc1 c4 43. Ne3 Rb7 44. Nxc4 Na2 45. Ra1 Nxc4 46. Rxa2 Rb3 47. Rc1 Bc5+ 48.
Kg2 Ne3+ 49. Kg3 Nf1+ 50. Kg2 Ne3+ 51. Kh1 Nxd5 52. Rxc5 Rxf3 53. Kg2 Re3 54.
Rxd5 Rxd5 55. exd5 Rxe1 56. Rxa6 g6 57. d6 Rd1 58. Kf3 f5 59. Ra8+ Kf7 60. Ra7+
Ke6 61. Rxh7 Rd3+ 62. Ke2 Rxd6 63. Rg7 Kd5 64. Kf3 Ra6 65. Re7 Ra3+ 66. Re3 Ra6
67. h3 Kc4 68. Re8 Ra3+ 69. Kg2 Kd5 70. Re5+ Kd6 71. Re8 Kd5 72. Re7 Ra2+ 73.
Kf3 Ra3+ 74. Re3 Ra6 75. Kg3 Kd4 76. Rb3 Kc4 77. Rb7 Kd5 78. Rd7+ Ke4 79. Re7+
Kd5 80. h4 Ra3+ 81. Kg2 Kd4 82. Re2 Rb3 83. Kh2 Kd3 84. Re6 Kd4 85. Re2 Kd3 86.
Re6 Kd4 87. Rxg6 Ke4 88. h5 Kxf4 89. h6 Rb2+ 90. Kh3 Rb3+ 91. Kg2 Rg3+ 92. Kf2
Rh3 93. Rg7 Rh2+ 94. Kg1 Kg3 95. Ra7 Rh5 96. h7 f4 97. g6 f3 98. Ra3 Rb5 99.
Rxf3+ Kxf3 100. h8=Q Rg5+ 101. Kh2 Rg2+ 102. Kh3 1-0

[Event "Aeroflot Open A 2018"]
[Site "Moscow RUS"]
[Date "2018.02.24"]
[Round "5.19"]
[White "Triapishko, Alexandr"]
[Black "Inarkiev, Ernesto"]
[Result "0-1"]
[WhiteTitle "IM"]
[BlackTitle "GM"]
[WhiteElo "2530"]
[BlackElo "2684"]
[WhiteFideId "14122286"]
[BlackFideId "4162722"]
[EventDate "2018.02.20"]

1. e4 e5 2. Nf3 Nc6 3. Bb5 a6 4. Ba4 Nf6 5. O-O Be7 6. d3 d6 7. c3 O-O 8. Nbd2
Re8 9. Re1 Bf8 10. Nf1 h6 11. Ng3 b5 12. Bc2 d5 13. a4 Bb7 14. h3 dxe4 15. dxe4
Qxd1 16. Rxd1 Na5 17. b3 c5 18. Nd2 h5 19. f3 g6 20. Ndf1 Bc8 21. axb5 axb5 22.
Bg5 Kg7 23. Ra2 Bb7 24. Rda1 Nc6 25. Bxf6+ Kxf6 26. Ne3 b4 27. Nd5+ Kg5 28. Ne2
bxc3 29. Rxa8 Bxa8 30. Nexc3 Nb4 31. Bd1 Nxd5 32. exd5 f5 33. Be2 e4 34. Bb5 Rb8
35. Bc6 Bxc6 36. dxc6 Bg7 37. Rc1 Rc8 38. fxe4 Bd4+ 39. Kf1 Rxc6 40. Ne2 Rb6 41.
h4+ Kg4 42. e5 Kxh4 43. Nxd4 cxd4 44. Re1 Rxb3 45. e6 Rb8 46. e7 Re8 47. Re6 g5
48. Kf2 Kg4 49. g3 f4 50. Re4 Kf5 51. Rxd4 fxg3+ 0-1

[Event "Aeroflot Open A 2018"]
[Site "Moscow RUS"]
[Date "2018.02.24"]
[Round "5.20"]
[White "Najer, Evgeniy"]
[Black "Petrosyan, Manuel"]
[Result "1/2-1/2"]
[WhiteTitle "GM"]
[BlackTitle "GM"]
[WhiteElo "2683"]
[BlackElo "2569"]
[WhiteFideId "4118987"]
[BlackFideId "13300857"]
[EventDate "2018.02.20"]

1. e4 e5 2. Nf3 Nc6 3. d4 exd4 4. Nxd4 Bc5 5. Be3 Qf6 6. c3 Nge7 7. Bc4 Ne5 8.
Be2 d6 9. O-O Qg6 10. f3 O-O 11. Kh1 Bb6 12. a4 a5 13. Nc2 d5 14. Bd4 Nd7 15.
Nd2 dxe4 16. fxe4 Nc6 17. Be3 Bxe3 18. Nxe3 Nde5 19. Nd5 Qd6 20. Qb3 Be6 21.
Rad1 Ne7 22. Nc4 Nxc4 23. Bxc4 Nxd5 24. Bxd5 Bxd5 25. Rxd5 Qe6 26. Qxb7 Qxe4 27.
Qc6 Rab8 28. Rc5 Qxc6 29. Rxc6 Rxb2 30. h4 Re2 31. Rf4 Re7 32. Ra6 Re5 33. Rc6 1/2-1/2

[Event "Aeroflot Open A 2018"]
[Site "Moscow RUS"]
[Date "2018.02.24"]
[Round "5.21"]
[White "Repka, Christopher"]
[Black "Sasikiran, Krishnan"]
[Result "0-1"]
[WhiteTitle "IM"]
[BlackTitle "GM"]
[WhiteElo "2513"]
[BlackElo "2671"]
[WhiteFideId "14918781"]
[BlackFideId "5004985"]
[EventDate "2018.02.20"]

1. Nf3 g6 2. g3 Bg7 3. Bg2 e5 4. e4 c5 5. d3 Nc6 6. c3 Nge7 7. Be3 b6 8. Qd2 d5
9. Bh6 O-O 10. Na3 f6 11. Bxg7 Kxg7 12. exd5 Qxd5 13. O-O Ba6 14. Nd4 Qd7 15.
Nxc6 Nxc6 16. Rad1 Rad8 17. Rfe1 Rfe8 18. Qc2 b5 19. Nb1 Bb7 20. Nd2 Nb8 21.
Bxb7 Qxb7 22. a4 a6 23. axb5 axb5 24. Ne4 Qc6 25. Qb3 Nd7 26. h4 h6 27. Qc2 f5
28. Nd2 Nf6 29. Nf1 Rd6 30. Qe2 Qd7 31. Qf3 h5 32. Nh2 b4 33. Qe3 bxc3 34. bxc3
f4 35. Qf3 fxg3 36. fxg3 Nd5 37. Rb1 Re7 38. Rbc1 Nf6 39. Rcd1 Nd5 40. Rc1 Nf6
41. Rcd1 Rd5 42. Nf1 Qe6 43. Nd2 Qf5 44. Qxf5 gxf5 45. Nc4 Ng4 46. Rd2 Re6 47.
Kf1 Kf6 48. Rb1 Kg6 49. Rb5 f4 50. gxf4 exf4 51. d4 Rf5 52. Rd3 f3 53. Ne5+ Nxe5
54. dxe5 Rexe5 55. Rd6+ Rf6 56. Rxf6+ Kxf6 57. Kf2 Rf5 58. Ra5 Ke6 59. Ra8 Rf4 0-1

[Event "Aeroflot Open A 2018"]
[Site "Moscow RUS"]
[Date "2018.02.24"]
[Round "5.22"]
[White "Aryan, Chopra"]
[Black "Sjugirov, Sanan"]
[Result "1-0"]
[WhiteTitle "GM"]
[BlackTitle "GM"]
[WhiteElo "2509"]
[BlackElo "2652"]
[WhiteFideId "5084423"]
[BlackFideId "4189302"]
[EventDate "2018.02.20"]

1. e4 c5 2. Nf3 d6 3. d4 cxd4 4. Nxd4 Nf6 5. Nc3 a6 6. Be3 e5 7. Nb3 Be6 8. f3
Nbd7 9. g4 b5 10. g5 b4 11. Ne2 Ng8 12. Qd2 a5 13. f4 h6 14. Ng3 hxg5 15. f5
Bxb3 16. axb3 g4 17. Bc4 Ngf6 18. O-O Be7 19. Qf2 Qb8 20. Rfd1 Bd8 21. Rd3 Bc7
22. Rad1 a4 23. bxa4 Rxa4 24. Qd2 Ke7 25. Rd5 Rc8 26. Rb5 Qa8 27. Bb3 Ra1 28.
Rxb4 Nc5 29. Rxa1 Qxa1+ 30. Kg2 Kf8 31. Bxc5 dxc5 32. Rb7 Qa6 33. Bd5 Kg8 34.
Qd3 Qa5 35. Rb5 Qe1 36. Rxc5 Kh7 37. Qf1 Qe3 38. Rc3 Nxd5 39. exd5 Qd2+ 40. Qe2
Qxd5+ 41. Ne4 Kg8 42. Qxg4 f6 43. Rd3 Qc6 44. Rd7 1-0

[Event "Aeroflot Open A 2018"]
[Site "Moscow RUS"]
[Date "2018.02.24"]
[Round "5.23"]
[White "Nihal, Sarin"]
[Black "Bluebaum, Matthias"]
[Result "1/2-1/2"]
[WhiteTitle "IM"]
[BlackTitle "GM"]
[WhiteElo "2532"]
[BlackElo "2635"]
[WhiteFideId "25092340"]
[BlackFideId "24651516"]
[EventDate "2018.02.20"]

1. c4 e6 2. Nc3 d5 3. d4 c6 4. Nf3 Nf6 5. Bg5 Nbd7 6. e3 Qa5 7. Nd2 Bb4 8. Qc2
dxc4 9. Bxf6 Nxf6 10. Nxc4 Qc7 11. Be2 c5 12. O-O Bd7 13. Qb3 O-O 14. Ne5 cxd4
15. Nxd7 Qxd7 16. Qxb4 dxc3 17. Qxc3 Rac8 18. Qb3 Rfd8 19. Rfd1 Qc7 20. Rxd8+ 1/2-1/2

[Event "Aeroflot Open A 2018"]
[Site "Moscow RUS"]
[Date "2018.02.24"]
[Round "5.24"]
[White "Mareco, Sandro"]
[Black "Hakobyan, Aram"]
[Result "1/2-1/2"]
[WhiteTitle "GM"]
[BlackTitle "IM"]
[WhiteElo "2632"]
[BlackElo "2497"]
[WhiteFideId "112275"]
[BlackFideId "13306677"]
[EventDate "2018.02.20"]

1. d4 Nf6 2. c4 e6 3. Nf3 b6 4. g3 Bb7 5. Bg2 Bb4+ 6. Bd2 Be7 7. O-O O-O 8. Nc3
c6 9. Rc1 d5 10. Bf4 dxc4 11. Ne5 Nd5 12. Nxc4 Nxf4 13. gxf4 Nd7 14. Qb3 Qc7 15.
e3 Rac8 16. Rfd1 Rfd8 17. a4 g6 18. Rd2 Nf6 19. Ne5 c5 20. Bxb7 1/2-1/2

[Event "Aeroflot Open A 2018"]
[Site "Moscow RUS"]
[Date "2018.02.24"]
[Round "5.25"]
[White "Zvjaginsev, Vadim"]
[Black "Iniyan, P"]
[Result "1/2-1/2"]
[WhiteTitle "GM"]
[BlackTitle "IM"]
[WhiteElo "2629"]
[BlackElo "2460"]
[WhiteFideId "4113403"]
[BlackFideId "25002767"]
[EventDate "2018.02.20"]

1. e4 c5 2. Nc3 a6 3. Nf3 d6 4. Be2 b5 5. O-O Bb7 6. d4 Nd7 7. dxc5 Nxc5 8. e5
e6 9. b4 Nd7 10. exd6 Rc8 11. Bb2 Nb6 12. a4 Nc4 13. Bxc4 bxc4 14. b5 Qxd6 15.
Qxd6 Bxd6 16. bxa6 Bxa6 17. Nb5 Bxb5 18. Bxg7 Bc6 19. Nd4 Bd5 20. Bxh8 f6 21.
Rad1 Bc5 22. g4 h6 23. h4 Kf7 24. g5 hxg5 25. hxg5 Nh6 26. Bxf6 Ng4 27. Nb5 Nxf6
28. gxf6 Bf3 29. Kh2 Kxf6 30. Kg3 Bc6 31. Rfe1 e5 32. Re3 Bxe3 33. fxe3 Rg8+ 34.
Kf2 Be4 35. Nc3 Rg2+ 36. Ke1 Rg1+ 37. Kd2 Rg2+ 38. Ke1 Rg1+ 39. Ke2 Rg2+ 40. Ke1 1/2-1/2

[Event "Aeroflot Open A 2018"]
[Site "Moscow RUS"]
[Date "2018.02.24"]
[Round "5.27"]
[White "Jumabayev, Rinat"]
[Black "Xu, Yinglun"]
[Result "1/2-1/2"]
[WhiteTitle "GM"]
[BlackTitle "GM"]
[WhiteElo "2614"]
[BlackElo "2538"]
[WhiteFideId "13702661"]
[BlackFideId "8604940"]
[EventDate "2018.02.20"]

1. Nf3 Nf6 2. g3 d5 3. Bg2 c6 4. O-O Bf5 5. d3 h6 6. c4 dxc4 7. Ne5 Nbd7 8. Nxc4
e5 9. Nc3 Be6 10. b3 Be7 11. Bb2 O-O 12. Rc1 Re8 13. Nb1 Qc7 14. Nbd2 Bf8 15.
Qc2 Nd5 16. Nf3 f6 17. Qb1 Bf7 18. e4 N5b6 19. Ne3 a5 20. d4 a4 21. d5 axb3 22.
axb3 Qd6 23. Nd2 Bg6 24. dxc6 bxc6 25. Rfd1 Qe6 26. Bf3 h5 27. Qc2 Ra2 28. Qb1
Ra7 29. Be2 Rc8 30. Ndc4 Bf7 31. Rc2 Nxc4 32. Bxc4 Qe8 33. Qc1 Bxc4 34. Rxc4 Nb6
35. Rc3 Rd7 36. Rxd7 Qxd7 37. Qc2 Qe6 38. Bc1 Nd7 39. Nf5 g6 40. Nh4 Kf7 41. Be3
Rc7 42. Kg2 Kg7 43. h3 Bb4 44. Rc4 Be7 45. b4 c5 46. bxc5 Qc6 47. f4 Nb6 48. Rb4
exf4 49. gxf4 Nd7 50. f5 g5 51. Nf3 Bxc5 52. Rc4 Qd6 53. e5 fxe5 54. Nxg5 Qd5+
55. Kh2 Bxe3 56. Ne6+ Kf6 57. Rxc7 e4 58. Qc3+ Qe5+ 59. Qxe5+ Nxe5 60. Ng7 h4
61. Kg2 Nf3 62. Rd7 Nd2 63. Rb7 Nf3 64. Kf1 Bd4 65. Ne6 Kxf5 66. Nxd4+ Nxd4 67.
Rh7 Kg5 68. Rg7+ Kf6 69. Rg8 Ke5 70. Kf2 Nf5 71. Ke2 Kf4 72. Rf8 Ke5 73. Kd2 Nd4
74. Kc3 Ne2+ 75. Kd2 Nd4 76. Rh8 Nf5 77. Kc3 Kf4 78. Rf8 Ke5 79. Kc4 Nd6+ 80.
Kc3 Nf5 1/2-1/2

[Event "Aeroflot Open A 2018"]
[Site "Moscow RUS"]
[Date "2018.02.24"]
[Round "5.28"]
[White "Paravyan, David"]
[Black "Raja, Harshit"]
[Result "1-0"]
[WhiteTitle "GM"]
[BlackTitle "IM"]
[WhiteElo "2603"]
[BlackElo "2448"]
[WhiteFideId "4194985"]
[BlackFideId "5089000"]
[EventDate "2018.02.20"]

1. e4 c5 2. Nf3 d6 3. Bb5+ Nd7 4. Ba4 Nf6 5. O-O g6 6. Re1 Bg7 7. c3 O-O 8. d4
e5 9. d5 Ne8 10. Bg5 f6 11. Bh4 a6 12. Bb3 b5 13. a4 c4 14. Bc2 Bb7 15. Nbd2 Nc5
16. axb5 axb5 17. b3 cxb3 18. Rxa8 Qxa8 19. Nxb3 Rf7 20. Nfd2 Rc7 21. c4 Nxb3
22. Bxb3 Bh6 23. cxb5 Qa5 24. Nf3 Qb4 25. Qb1 Qxb5 26. h3 Ba6 27. Qa2 Rc3 28.
Ba4 Qa5 29. Ra1 Rc4 30. Kh2 Nc7 31. Bxf6 Rxe4 32. Bg5 Bxg5 33. Nxg5 Re2 34. Qa3
Qb6 35. Bd1 Rxf2 36. Bf3 Bc4 37. Ne4 Rb2 38. Rc1 Bxd5 39. Nf6+ Kg7 40. Nxd5 Nxd5
41. Bxd5 Qd4 42. Rc7+ Kh6 43. Qf3 Rf2 44. Qe4 Qxe4 45. Bxe4 Rd2 46. Re7 d5 47.
Rd7 d4 48. h4 Re2 49. Bd5 g5 50. Rd6+ Kg7 51. h5 d3 52. h6+ Kf8 53. Rd7 e4 54.
Rxh7 d2 55. Rf7+ Kg8 56. Bc4 1-0

[Event "Aeroflot Open A 2018"]
[Site "Moscow RUS"]
[Date "2018.02.24"]
[Round "5.29"]
[White "Goryachkina, Aleksandra"]
[Black "Martirosyan, Haik M."]
[Result "1/2-1/2"]
[WhiteTitle "WGM"]
[BlackTitle "GM"]
[WhiteElo "2493"]
[BlackElo "2586"]
[WhiteFideId "4147103"]
[BlackFideId "13306553"]
[EventDate "2018.02.20"]

1. d4 Nf6 2. c4 e6 3. g3 c5 4. d5 exd5 5. cxd5 d6 6. Nc3 g6 7. Nf3 Bg7 8. Bg2
O-O 9. O-O Re8 10. a4 Ne4 11. Nxe4 Rxe4 12. h3 Nd7 13. Ra2 a5 14. Bd2 b6 15. Ng5
Rd4 16. Nf3 Re4 17. Ng5 Rd4 18. Nf3 Re4 1/2-1/2

[Event "Aeroflot Open A 2018"]
[Site "Moscow RUS"]
[Date "2018.02.24"]
[Round "5.30"]
[White "Yuffa, Daniil"]
[Black "Oparin, Grigoriy"]
[Result "1-0"]
[WhiteTitle "GM"]
[BlackTitle "GM"]
[WhiteElo "2521"]
[BlackElo "2607"]
[WhiteFideId "24131423"]
[BlackFideId "24125890"]
[EventDate "2018.02.20"]

1. d4 Nf6 2. c4 e6 3. g3 c5 4. d5 exd5 5. cxd5 d6 6. Nc3 g6 7. Bg2 Bg7 8. Nf3
O-O 9. O-O Re8 10. Bf4 Bf5 11. Nh4 Bg4 12. Re1 Nh5 13. Bd2 Qc8 14. Qb3 Bxc3 15.
Qxc3 Bxe2 16. Bh6 Nd7 17. Rxe2 Rxe2 18. Bf3 Re5 19. Bxh5 Nb6 20. Be2 Nxd5 21.
Qd2 Qe8 22. Bf3 Nf6 23. Qxd6 Re1+ 24. Kg2 Ne4 25. Qf4 Rxa1 26. Bxe4 Qb5 27. g4
Qd7 28. Nf3 Re8 29. h3 Qe7 30. Bd5 Rd1 31. Bg5 Qd7 32. Bf6 Qxd5 33. Qh6 1-0

[Event "Aeroflot Open A 2018"]
[Site "Moscow RUS"]
[Date "2018.02.24"]
[Round "5.31"]
[White "Kobalia, Mikhail"]
[Black "Sorokin, Aleksey"]
[Result "1/2-1/2"]
[WhiteTitle "GM"]
[BlackTitle "FM"]
[WhiteElo "2599"]
[BlackElo "2511"]
[WhiteFideId "4119150"]
[BlackFideId "24176460"]
[EventDate "2018.02.20"]

1. Nf3 Nf6 2. c4 c5 3. Nc3 e6 4. e4 Nc6 5. Be2 d5 6. exd5 exd5 7. d4 cxd4 8.
Nxd4 dxc4 9. Nxc6 Qxd1+ 10. Nxd1 bxc6 11. Bxc4 Nd5 12. O-O Be6 13. Bd2 a5 14.
Rc1 Bb4 15. Bxb4 axb4 16. f3 O-O 17. Re1 Nf4 18. Re4 Bxc4 19. Rcxc4 Rfd8 20. Ne3
Nd3 21. Rxc6 h6 22. a3 1/2-1/2

[Event "Aeroflot Open A 2018"]
[Site "Moscow RUS"]
[Date "2018.02.24"]
[Round "5.32"]
[White "Kulaots, Kaido"]
[Black "Praggnanandhaa, R"]
[Result "1/2-1/2"]
[WhiteTitle "GM"]
[BlackTitle "IM"]
[WhiteElo "2582"]
[BlackElo "2507"]
[WhiteFideId "4500261"]
[BlackFideId "25059530"]
[EventDate "2018.02.20"]

1. d4 Nf6 2. c4 e6 3. Nc3 Bb4 4. Nf3 Nc6 5. Qc2 d6 6. Bg5 h6 7. Bd2 O-O 8. a3
Bxc3 9. Bxc3 Qe7 10. e3 e5 11. dxe5 Nxe5 12. Nxe5 dxe5 13. O-O-O b6 14. Be2 Qe6
15. f3 Ba6 16. Qa4 Bb7 17. g4 Bc6 18. Qc2 Nd7 19. Rhg1 Nc5 20. Qf5 Nb3+ 21. Kb1
Rae8 22. Ka2 Ba4 23. Rde1 g6 24. Qxe6 Rxe6 25. Bd1 Nc1+ 26. Kb1 Bxd1 27. Kxc1
Bb3 28. c5 bxc5 29. f4 exf4 30. exf4 Rfe8 31. Rxe6 Rxe6 32. Re1 Kf8 33. Rxe6
Bxe6 34. g5 hxg5 35. fxg5 1/2-1/2

[Event "Aeroflot Open A 2018"]
[Site "Moscow RUS"]
[Date "2018.02.24"]
[Round "5.33"]
[White "Salomon, Johan"]
[Black "Sarana, Alexey"]
[Result "1/2-1/2"]
[WhiteTitle "GM"]
[BlackTitle "GM"]
[WhiteElo "2503"]
[BlackElo "2577"]
[WhiteFideId "1509500"]
[BlackFideId "24133795"]
[EventDate "2018.02.20"]

1. e4 c5 2. Nf3 d6 3. d4 cxd4 4. Nxd4 Nf6 5. Nc3 a6 6. g3 e5 7. Nde2 Be7 8. Bg2
Nbd7 9. a4 O-O 10. O-O b6 11. Nd5 Bb7 12. Nec3 Rc8 13. Be3 Nxd5 14. Nxd5 Bxd5
15. Qxd5 Rxc2 16. Qd3 Rxb2 17. Qc3 Re2 18. Qd3 Rb2 19. Qc3 Re2 20. Qd3 1/2-1/2

[Event "Aeroflot Open A 2018"]
[Site "Moscow RUS"]
[Date "2018.02.24"]
[Round "5.34"]
[White "Mikaelyan, Arman"]
[Black "Narayanan, S.L."]
[Result "1-0"]
[WhiteTitle "GM"]
[BlackTitle "GM"]
[WhiteElo "2486"]
[BlackElo "2573"]
[WhiteFideId "13304852"]
[BlackFideId "5058422"]
[EventDate "2018.02.20"]

1. d4 Nf6 2. c4 e6 3. Nf3 d5 4. Nc3 Nbd7 5. e3 Be7 6. b3 O-O 7. Bb2 b6 8. cxd5
exd5 9. Bd3 Bb7 10. O-O a6 11. Ne5 Bd6 12. f4 Ne4 13. Rf3 Ndf6 14. Ne2 Re8 15.
Qe1 Bf8 16. Rc1 c5 17. g4 Nd7 18. Rh3 Nxe5 19. Bxe4 dxe4 20. dxe5 g6 21. Rd1 Qe7
22. Rd6 Rad8 23. Rxb6 Bg7 24. f5 Qc7 25. Qh4 h6 26. Rf6 Rd1+ 27. Kf2 Qd8 28. e6
Rf8 29. exf7+ Rxf7 30. Rxg6 Qd2 31. Bc3 1-0

[Event "Aeroflot Open A 2018"]
[Site "Moscow RUS"]
[Date "2018.02.24"]
[Round "5.35"]
[White "Chigaev, Maksim"]
[Black "Tran, Tuan Minh"]
[Result "1/2-1/2"]
[WhiteTitle "GM"]
[BlackTitle "GM"]
[WhiteElo "2560"]
[BlackElo "2522"]
[WhiteFideId "4108116"]
[BlackFideId "12401820"]
[EventDate "2018.02.20"]

1. e4 c5 2. Nf3 d6 3. d4 cxd4 4. Nxd4 Nf6 5. Nc3 a6 6. Be3 e5 7. Nf3 Be7 8. Bc4
O-O 9. O-O Nc6 10. Bb3 Na5 11. Qe2 Nxb3 12. axb3 Be6 13. Rfd1 Qc7 14. Bg5 Rac8
15. Bxf6 Bxf6 16. Rd3 Qc6 17. Rad1 Be7 18. Ne1 Rce8 19. Nd5 Bd8 20. Rc3 Qd7 21.
Ne3 Bb6 22. Nf3 Qe7 23. Nd5 Bxd5 24. Rxd5 f5 25. Nd2 Qe6 26. Rf3 Bc5 27. c3 a5
28. Qd3 g6 29. Kf1 Rf7 30. Ke2 Ref8 31. h3 Kh8 32. Qc4 b5 33. Qd3 h6 34. Kd1 b4
35. Qc4 Qe7 36. Kc2 Qg5 37. g4 Rf6 38. gxf5 gxf5 39. Rg3 Qh5 40. exf5 Bxf2 41.
Qg4 Qxf5+ 42. Qxf5 Rxf5 43. Rg6 Bc5 44. Ne4 1/2-1/2

[Event "Aeroflot Open A 2018"]
[Site "Moscow RUS"]
[Date "2018.02.24"]
[Round "5.36"]
[White "Liu, Yan"]
[Black "Pichot, Alan"]
[Result "1/2-1/2"]
[WhiteTitle "IM"]
[BlackTitle "GM"]
[WhiteElo "2476"]
[BlackElo "2552"]
[WhiteFideId "8608962"]
[BlackFideId "110973"]
[EventDate "2018.02.20"]

1. Nf3 Nf6 2. c4 g6 3. d4 Bg7 4. g3 O-O 5. Bg2 d6 6. O-O Nc6 7. Nc3 Bf5 8. d5
Na5 9. Nd4 Bd7 10. b3 c5 11. dxc6 bxc6 12. Qd2 Qc8 13. Ba3 Bh3 14. Rad1 Bxg2 15.
Kxg2 Nb7 16. Nc2 a5 17. Ne1 Nd7 18. Nd3 Nd8 19. h4 h5 20. Bb2 Qb7 21. Kg1 Ne6
22. Ne4 a4 23. Bxg7 Kxg7 24. Ng5 Nxg5 25. Qxg5 axb3 26. axb3 Nf6 27. b4 Qd7 28.
Qe3 Rfb8 29. Ra1 Rxa1 30. Rxa1 e5 31. Ra7 Qf5 32. c5 Nd5 33. Qf3 e4 34. Qxf5
gxf5 35. Nf4 Nxf4 36. gxf4 dxc5 37. bxc5 Rb5 38. Rc7 Rxc5 39. Rc8 Rc2 40. e3 c5
41. Rc6 Rc1+ 42. Kh2 c4 43. Kg2 Rc2 1/2-1/2

[Event "Aeroflot Open A 2018"]
[Site "Moscow RUS"]
[Date "2018.02.24"]
[Round "5.38"]
[White "Shevchenko, Kirill"]
[Black "Gagare, Shardul"]
[Result "1/2-1/2"]
[WhiteTitle "GM"]
[BlackTitle "GM"]
[WhiteElo "2538"]
[BlackElo "2494"]
[WhiteFideId "14129574"]
[BlackFideId "5037883"]
[EventDate "2018.02.20"]

1. d4 Nf6 2. c4 e6 3. Nc3 Bb4 4. Qc2 c5 5. dxc5 O-O 6. a3 Bxc5 7. Nf3 b6 8. Bf4
Bb7 9. Rd1 Nc6 10. e3 Nh5 11. Bg3 Be7 12. Qd3 Bc8 13. Bd6 Nf6 14. e4 Ne8 15. Bg3
a6 16. Be2 Ra7 17. O-O d6 18. Rc1 Nf6 19. h3 Rd7 20. Qe3 d5 21. cxd5 Bc5 22. Qd3
exd5 23. e5 Ne4 24. Nxe4 dxe4 25. Qxe4 Bb7 26. Qc2 Nd4 27. Nxd4 Rxd4 28. Qc3 a5
29. Rcd1 a4 30. Kh2 h6 31. Rfe1 Rxd1 32. Rxd1 Qa8 33. Rd7 Bc6 34. Rc7 Rc8 35.
Rxc8+ Qxc8 36. Bg4 Bd7 37. Bf3 Bc6 38. Bg4 Bd7 39. Bd1 Bc6 40. b4 axb3 41. Bxb3
Qd7 42. Ba2 Bd5 43. Bb3 1/2-1/2

[Event "Aeroflot Open A 2018"]
[Site "Moscow RUS"]
[Date "2018.02.24"]
[Round "5.39"]
[White "Gallego Alcaraz, Andres Felipe"]
[Black "Lomasov, Semen"]
[Result "1/2-1/2"]
[WhiteTitle "IM"]
[BlackTitle "IM"]
[WhiteElo "2461"]
[BlackElo "2530"]
[WhiteFideId "4402669"]
[BlackFideId "24164879"]
[EventDate "2018.02.20"]

1. d4 Nf6 2. c4 e6 3. Nf3 b6 4. g3 Bb7 5. Bg2 Be7 6. O-O O-O 7. Nc3 Ne4 8. Bd2
Bf6 9. Rc1 Nxd2 10. Qxd2 d6 11. e4 Nd7 12. Rfe1 g6 13. Rcd1 Bg7 14. h4 c5 15. d5
Bxc3 16. Qxc3 e5 17. Bh3 Nf6 18. Kg2 Bc8 19. Ng5 Nh5 20. Qe3 Qe7 21. Bxc8 Raxc8
22. Nh3 Kg7 23. g4 Nf6 24. f3 h5 25. g5 Nd7 26. Qa3 Kg8 27. Kh2 Rb8 28. Re2 Rb7
29. Rf1 Rfb8 30. b3 Qd8 31. Nf2 Qe7 32. Nd3 Rf8 33. Qc1 Rbb8 34. Rg1 Kh7 35. Rg3 1/2-1/2

[Event "Aeroflot Open A 2018"]
[Site "Moscow RUS"]
[Date "2018.02.24"]
[Round "5.40"]
[White "Sychev, Klementy"]
[Black "Golubov, Saveliy"]
[Result "1-0"]
[WhiteTitle "IM"]
[BlackTitle "IM"]
[WhiteElo "2529"]
[BlackElo "2492"]
[WhiteFideId "4114060"]
[BlackFideId "24176729"]
[EventDate "2018.02.20"]

1. e4 a6 2. d4 g6 3. h4 d5 4. exd5 Qxd5 5. Nc3 Qd8 6. Bf4 Bg7 7. Qd2 Nf6 8.
O-O-O b5 9. Nf3 Bb7 10. Ne5 Nbd7 11. Bh6 O-O 12. Bxg7 Kxg7 13. Qe3 h5 14. Bd3 e6
15. Qg3 Qe8 16. Ne2 Nd5 17. Nf4 Nxf4 18. Qxf4 Nf6 19. Rh3 Nd5 20. Qd2 Ne7 21. g4
Rh8 22. Rg1 hxg4 23. Rxg4 Rh5 24. Rg5 Qh8 25. Qf4 Nf5 26. Bxf5 exf5 27. Nxf7 Qe8
28. Ne5 1-0